000 00521nam a2200157Ia 4500
003 GCL
008 140319s9999 xx 000 0 ara d
040 _aGCL /
_cGCL
082 0 4 _a813.01
_bع د
100 1 _aعمادالدين عيسى
245 1 0 _aالدقيقة الثلاثون فى الالف الثالث بعد الميلاد /
_cعمادالدين عيسى
490 _a
650 0 4 _aالقصص العربية القصيرة
650 0 4 _aالادب العربى - العصر الحديث
942 _2ddc
_cBK
999 _c39924
_d39924